banner-ar

Creative Home Decorating / (Record no. 66517)

MARC details
000 -الفاتح
حقل البيانات ثابتة الطول 00578nam a2200229Ia 4500
005 - وقت وتاريخ اخر تعامل مع التسجيلة
رقم الضبط 20240530110923.0
008 - عناصر البيانات ثابتة الطول - معلومات عامة
حقل البيانات ثابتة الطول 140319s1988 xxkae 000 0 eng d
020 ## - الرقم الدولى المعيارى للكتب
الرقم الدولى المعيارى للكتاب 0706367235
040 ## - مصدر الفهرسة
وكالة الفهرسة الأصلية GCL /
وكالة النسخ GCL
082 04 - رقم تصنيف ديوى العشرى
رقم التصنيف 747.77/
رقم المادة W C
110 1# - المدخل الرئيسى - إسم هيئة
اسم الهيئة أو اسم السلطة كمدخل Ward Lock
245 10 - بيان العنوان
العنوان Creative Home Decorating /
بيان المسئوليه,etc Ward Lock
260 ## - PUBLICATION, DISTRIBUTION, ETC. (IMPRINT)
تاريخ النشر أو التوزيع .1988
300 ## - الوصف المادى
التعداد 96 P. :
تفاصيل ماديه اخرى للوعاء ill ;
أبعاد الوعاء 30 cm.
490 0# - بيان السلسلة
عنوان السلسلة Creating a Home
650 04 - المدخل الاضافى بالموضوع-مصطلح موضوعى
مصطلح موضوعي ARTS
650 04 - المدخل الاضافى بالموضوع-مصطلح موضوعى
مصطلح موضوعي ART DECORATION
650 04 - المدخل الاضافى بالموضوع-مصطلح موضوعى
مصطلح موضوعي INTERIOR DESIGN
650 04 - المدخل الاضافى بالموضوع-مصطلح موضوعى
مصطلح موضوعي HOME DECORATING
942 ## - عناصر المدخل الإضافي( كوها)
مصدر التصنيف او مخطط الترفيف Dewey Decimal Classification
Koha [default] item type كتاب
260 ## - PUBLICATION, DISTRIBUTION, ETC. (IMPRINT)
-- London :
-- Ward Lock ،
Holdings
حالة التراجع حالة الفقد مصدر التصنيف او خطة الترفيف حالة تلف ليس للاعارة المكان المؤقت الموقع الحالى موقع الترفيف تاريخ الاكتساب اجمالي اﻻعارات رقم الطلب الباركود تاريخ اخر مشاهدة تاريخ تفعيل السعر نوع وعاء كوها
    ddc     مكتبة القاهرة الكبرى مكتبة القاهرة الكبرى   06/14/2022   747.77/ W C 168084 06/14/2022 06/14/2022 كتاب
    ddc     مكتبة القاهرة الكبرى مكتبة القاهرة الكبرى   06/14/2022   747.77/ W C 168085 06/14/2022 06/14/2022 كتاب

Powered By

EGPV